[Event "Xtracon Chess Open 2018"]
[Site "Elsinore"]
[Date "2018.07.23"]
[Round "4"]
[White "Strachan, Christian C."]
[Black "Wiberg, Jonas"]
[Result "1/2-1/2"]
[WhiteElo "1927"]
[BlackElo "1715"]
[EventDate "2018.07.21"]
[WhiteFideId "1417215"]
[BlackFideId "1720090"]

1.e4 c6 2.d4 d5 3.e5 Bf5 4.h4 h6 5.g4 Bd7 6.Be3 e6 7.Nc3 Qa5 8.a3 Qc7 9.f4
Ne7 10.Bd3 b6 11.Nf3 Bc8 12.O-O Ba6 13.Qd2 Qd7 14.b4 Bxd3 15.Qxd3 h5 16.g5
Nf5 17.Ne2 g6 18.Bf2 Be7 19.c4 dxc4 20.Qxc4 Qd5 21.Qxd5 cxd5 22.Rfc1 Kd7 
23.Ng3 Ng7 24.Be1 Rc8 25.Rxc8 Kxc8 26.Rc1+ Kd7 27.a4 Nc6 28.b5 Nd8 29.Bd2 
Rc8 30.Rxc8 Kxc8 31.Ne1 Kd7 32.Nd3 Kc7 33.Kf2 Kd7 34.Ke2 Kc7 35.Kd1 Kd7 
36.Kc2 Kc7 37.Kb3 Kd7 38.Nb4 Kc7 39.Na6+ Kb7 40.Bc3 Bf8 41.Bb4 Bxb4 42.
Nxb4 Kc8 43.Nd3 Nb7 44.Kb4 Na5 45.Nb2 Kc7 46.Kc3 Kd7 47.Kb4 Nb7 48.Nd3 Na5
49.Nb2 Nb7 50.Nd3 Na5 51.Nb2 Nb7 1/2-1/2

[Event "Xtracon Chess Open 2018"]
[Site "Elsinore"]
[Date "2018.07.23"]
[Round "4"]
[White "Glibstrup, Jakob"]
[Black "Henriksen, Morgan"]
[Result "1-0"]
[WhiteElo "1920"]
[BlackElo "1706"]
[EventDate "2018.07.21"]
[WhiteFideId "1416146"]
[BlackFideId "1510495"]

1.e4 c5 2.Nf3 d6 3.d4 cxd4 4.Nxd4 Nf6 5.Nc3 a6 6.f3 e5 7.Nb3 Be6 8.Be3 Be7
9.Qd2 O-O 10.O-O-O Nbd7 11.g4 Nb6 12.Qf2 Nc4 13.Bxc4 Bxc4 14.h4 b5 15.g5 
Nd7 16.f4 Qb8 17.f5 a5 18.f6 Bd8 19.fxg7 Kxg7 20.Kb1 Bxb3 21.cxb3 a4 22.b4
Nb6 23.Rdg1 Nc4 24.g6 hxg6 25.h5 Nxe3 26.hxg6 fxg6 27.Qxe3 Rf4 28.Qh3 Rh4 
29.Qd7+ Kh8 30.Qf7 1-0

[Event "Xtracon Chess Open 2018"]
[Site "Elsinore"]
[Date "2018.07.23"]
[Round "4"]
[White "Andersen, Daniel"]
[Black "Halberg, Jesper"]
[Result "0-1"]
[WhiteElo "1917"]
[BlackElo "1702"]
[EventDate "2018.07.21"]
[WhiteFideId "1402714"]
[BlackFideId "1451278"]

1.c4 e5 2.Nc3 Nf6 3.Nf3 Nc6 4.d4 exd4 5.Nxd4 Bb4 6.Bg5 Bxc3+ 7.bxc3 Na5 8.
e3 h6 9.Bh4 O-O 10.Be2 b6 11.Nb3 Nc6 12.Bf3 Ba6 13.Nd2 Rb8 14.Qa4 Bb7 15.
Ne4 g5 16.Bg3 Nxe4 17.Bxe4 f5 18.Bd5+ Kh7 19.h4 Qf6 20.Rc1 Rbe8 21.hxg5 
Qxg5 22.Kf1 Rxe3 23.fxe3 Qxe3 24.Qc2 Qxg3 25.Rh3 Qg5 26.Rf3 Ba6 27.Kg1 Ne5
28.Rff1 Bxc4 29.Bxc4 Nxc4 30.Qf2 Ne3 31.Rfe1 Re8 32.Qf3 d6 33.Rb1 c5 34.
Re2 Re4 35.Rbe1 Nxg2 36.Kf2 Nxe1 0-1

[Event "Xtracon Chess Open 2018"]
[Site "Elsinore"]
[Date "2018.07.23"]
[Round "4"]
[White "Rygg, Andreas Gangstad"]
[Black "Christensen, Jacob Foged"]
[Result "1-0"]
[WhiteElo "1759"]
[BlackElo "1916"]
[EventDate "2018.07.21"]
[WhiteFideId "1527754"]
[BlackFideId "1439073"]

1.e4 c5 2.Be2 Nc6 3.f4 g6 4.Nf3 Bg7 5.O-O d6 6.d3 Nf6 7.c3 O-O 8.Kh1 a6 9.
Be3 b5 10.a3 Bb7 11.Nbd2 Rc8 12.Qe1 b4 13.axb4 cxb4 14.d4 bxc3 15.bxc3 Nb8
16.e5 Nd5 17.Nc4 Nxe3 18.Nxe3 Qc7 19.Ra3 dxe5 20.fxe5 a5 21.Bc4 Bh6 22.Ba2
Bxf3 23.Rxf3 Bxe3 24.Qxe3 Kg7 25.Rh3 h5 26.Rxh5 Rh8 27.Rxh8 Rxh8 28.Qf3 f6
29.Qd5 Rf8 30.Bc4 Nd7 31.Bb5 fxe5 32.Kg1 Nf6 33.Qxe5 Qb6 34.Qxe7+ Rf7 35.
Qe5 Kh7 36.c4 1-0

[Event "Xtracon Chess Open 2018"]
[Site "Elsinore"]
[Date "2018.07.23"]
[Round "4"]
[White "Andersen, Dag"]
[Black "Haugaard, Thomas"]
[Result "1/2-1/2"]
[WhiteElo "1915"]
[BlackElo "1697"]
[EventDate "2018.07.21"]
[WhiteFideId "1504568"]
[BlackFideId "1414330"]

1.d4 Nf6 2.Nf3 d5 3.c4 e6 4.Nc3 Be7 5.Bf4 O-O 6.e3 c6 7.Rc1 Nbd7 8.h3 Re8 
9.Bd3 dxc4 10.Bxc4 Nf8 11.O-O Nd5 12.Bh2 Bd6 13.Bxd6 Qxd6 14.Ne4 Qe7 15.
Bd3 Ng6 16.Ng3 Nh4 17.Ne5 f6 18.Nc4 e5 19.dxe5 fxe5 20.Qh5 g6 21.Qe2 Nf5 
22.Ne4 Nf6 23.Ncd2 Nd6 24.Nxd6 Qxd6 25.Nc4 Qe7 26.Bb1 Be6 27.Rfd1 Rad8 28.
Nxe5 Bxh3 29.Nxg6 hxg6 30.gxh3 Qe5 31.Qc4+ Kg7 32.Rd4 Rxd4 33.exd4 Qg5+ 
34.Kf1 Rh8 35.Re1 Nd5 36.Qd3 Nf4 1/2-1/2

[Event "Xtracon Chess Open 2018"]
[Site "Elsinore"]
[Date "2018.07.23"]
[Round "4"]
[White "Loveid, Erik"]
[Black "Voll, Oddvar U"]
[Result "1/2-1/2"]
[WhiteElo "1715"]
[BlackElo "1915"]
[EventDate "2018.07.21"]
[WhiteFideId "1520067"]
[BlackFideId "1533827"]

1.d4 e6 2.Nf3 f5 3.b3 Nf6 4.Nbd2 d6 5.Bb2 Ne4 6.e3 Nd7 7.Bd3 Ndf6 8.c4 Be7
9.Qc2 d5 10.a3 O-O 11.Ne5 Nd7 12.Nxd7 Bxd7 13.f3 Nxd2 14.Kxd2 c5 15.dxc5 
Bxc5 16.Qc3 Qg5 17.f4 Qxg2+ 18.Be2 d4 19.exd4 Bd6 20.Qe3 Qe4 21.Raf1 Qxe3+
22.Kxe3 Bc6 23.Bf3 Rac8 24.Bxc6 Rxc6 25.Rd1 1/2-1/2

[Event "Xtracon Chess Open 2018"]
[Site "Elsinore"]
[Date "2018.07.23"]
[Round "4"]
[White "Damm-Frydenberg, Anders"]
[Black "Kristensen, Thomas Overgaard"]
[Result "0-1"]
[WhiteElo "1909"]
[BlackElo "1696"]
[EventDate "2018.07.21"]
[WhiteFideId "1462970"]
[BlackFideId "1419803"]

1.e4 c6 2.d4 d5 3.e5 c5 4.Nf3 Nc6 5.c4 cxd4 6.Nxd4 Nxe5 7.cxd5 Qxd5 8.Nc3 
Qa5 9.Bf4 Nc6 10.Nb5 e5 11.Qd5 Be6 12.b4 Bxb4 0-1

[Event "Xtracon Chess Open 2018"]
[Site "Elsinore"]
[Date "2018.07.23"]
[Round "4"]
[White "Nielsen, Carsten Juul"]
[Black "Harders, Poul Erik"]
[Result "1-0"]
[WhiteElo "1909"]
[BlackElo "1693"]
[EventDate "2018.07.21"]
[WhiteFideId "1402242"]
[BlackFideId "1416251"]

1.d4 Nf6 2.c4 g6 3.Nc3 Bg7 4.e4 d6 5.Bd3 e5 6.d5 O-O 7.Nge2 Nbd7 8.f3 h6 
9.Be3 Ne8 10.Qd2 Kh7 11.h4 Nef6 12.O-O-O c6 13.Bc2 cxd5 14.Nxd5 Ne8 15.Kb1
b6 16.g4 Bb7 17.Ng3 Nc5 18.h5 g5 19.Nf5 Kh8 20.Nc3 Ne6 21.Nb5 Bc6 22.Nbxd6
Nxd6 23.Qxd6 Qe8 24.Qa3 Qc8 25.Rd2 Qc7 26.Qd6 Qb7 27.Nxg7 Kxg7 28.Qxe5+ 
Kh7 29.Qf6 Rh8 30.Rd6 Qc7 31.Rxe6 fxe6 32.Qg6# 1-0

[Event "Xtracon Chess Open 2018"]
[Site "Elsinore"]
[Date "2018.07.23"]
[Round "4"]
[White "Madison, Sigurd"]
[Black "Meyer, Juergen"]
[Result "0-1"]
[WhiteElo "1704"]
[BlackElo "1908"]
[EventDate "2018.07.21"]
[WhiteFideId "1711806"]
[BlackFideId "24661759"]

1.e4 e6 2.d4 d5 3.Nd2 Nf6 4.e5 Nfd7 5.f4 c5 6.c3 Nc6 7.Ndf3 a5 8.Ne2 c4 9.
a4 b6 10.g3 Ne7 11.Bg2 Rb8 12.Bd2 Nf5 13.Kf2 Be7 14.Qc2 h5 15.Ng5 Nf8 16.
h3 Bxg5 17.fxg5 Ng6 18.h4 Bb7 19.Raf1 Qd7 20.Nf4 Nxf4 21.gxf4 g6 22.Ra1 
O-O 23.Bf3 Ng7 24.Rhg1 Rfc8 25.Be2 Bc6 26.b4 cxb3 27.Qxb3 b5 28.axb5 Bxb5 
29.Bxb5 Qxb5 30.Qxb5 Rxb5 31.Ke2 Nf5 32.Be1 Ra8 33.Kd3 a4 34.Rg2 Rba5 35.
Rga2 R5a7 36.Bf2 Ne7 37.c4 dxc4+ 38.Kxc4 Nd5 39.Bg3 Rc7+ 40.Kb5 Rb8+ 41.
Ka6 Rb6+ 0-1

[Event "Xtracon Chess Open 2018"]
[Site "Elsinore"]
[Date "2018.07.23"]
[Round "4"]
[White "Christensen, Tommy"]
[Black "Overmark, Ole"]
[Result "1-0"]
[WhiteElo "1904"]
[BlackElo "1688"]
[EventDate "2018.07.21"]
[WhiteFideId "1423266"]
[BlackFideId "1410776"]

1.e4 c5 2.Nf3 d6 3.d4 cxd4 4.Nxd4 Nf6 5.Nc3 a6 6.Bg5 Nc6 7.f4 Bg4 8.Qd2 e5
9.Nxc6 bxc6 10.f5 h6 11.Bxf6 Qxf6 12.h3 Bxf5 13.exf5 Qxf5 14.Bd3 Qe6 15.
Rf1 Be7 16.Qf2 O-O 17.Bf5 Qc4 18.O-O-O Rab8 19.Rd3 d5 20.b3 Qb4 21.Nb1 Qa5
22.Qg3 Qxa2 23.Qxe5 Bg5+ 24.Nd2 Bf6 25.Bh7+ Kxh7 26.Rxf6 Qa3+ 27.Kb1 Rbe8 
28.Qf5+ Kg8 29.Qf2 Re6 30.Rg3 Kh8 31.Rxe6 fxe6 32.Qa7 Rg8 33.Rg6 Qa5 34.
Qe3 Re8 35.Nf3 e5 36.Nh4 d4 37.Qg3 Rf8 38.Qd3 Qe1+ 39.Kb2 Qxh4 40.Rxc6 Qf2
41.Qe4 Qe3 42.Qxe3 dxe3 43.Kc3 Rf2 44.g4 e4 45.Rxa6 e2 46.Kd2 Rh2 47.Re6 
e1=Q+ 48.Kxe1 Rxc2 49.b4 Rc4 50.b5 Rb4 51.Rb6 Kg8 52.Rb8+ Kf7 53.b6 Ke6 
54.b7 Kd7 55.Rg8 Rxb7 56.Rxg7+ Kc6 57.Rg6+ Kd5 58.Rxh6 e3 59.Ke2 Rb3 60.
Rh8 Ke4 61.Re8+ Kf4 62.Rf8+ Ke4 63.Rd8 Rb2+ 64.Ke1 Rh2 65.Re8+ Kf3 66.Rf8+
Kg3 67.g5 Rxh3 68.g6 Rh1+ 69.Ke2 Ra1 70.g7 Ra2+ 71.Kxe3 Ra3+ 72.Kd2 1-0

[Event "Xtracon Chess Open 2018"]
[Site "Elsinore"]
[Date "2018.07.23"]
[Round "4"]
[White "Stage-Steffensen, Theo"]
[Black "Degerfeldt, Sven"]
[Result "0-1"]
[WhiteElo "1697"]
[BlackElo "1902"]
[EventDate "2018.07.21"]
[WhiteFideId "1455818"]
[BlackFideId "1717430"]

1.e4 c5 2.Nf3 d6 3.d4 cxd4 4.Nxd4 Nf6 5.Nc3 a6 6.Be3 e6 7.h3 Qc7 8.f4 b5 
9.a3 Bb7 10.Bd3 Nbd7 11.Qd2 Be7 12.Qf2 d5 13.exd5 Nxd5 14.Nxd5 Bxd5 15.b4 
Qc3+ 16.Ke2 O-O 17.Rhe1 Nf6 18.Kf1 Bc4 19.Kg1 Bxd3 20.cxd3 Nd5 21.Qd2 Rac8
22.Rec1 Qxd2 23.Bxd2 Bf6 24.Nxe6 fxe6 25.Rxc8 Rxc8 26.Re1 Kf7 27.Rc1 Rxc1+
28.Bxc1 Bh4 29.Kh2 Bf2 30.g3 Bd4 31.Kg2 Nc3 0-1

[Event "Xtracon Chess Open 2018"]
[Site "Elsinore"]
[Date "2018.07.23"]
[Round "4"]
[White "Skjoldager, Flemming"]
[Black "Rasmussen, Henning"]
[Result "1-0"]
[WhiteElo "1902"]
[BlackElo "1682"]
[EventDate "2018.07.21"]
[WhiteFideId "1406515"]
[BlackFideId "1410962"]

1.b3 e5 2.Bb2 d6 3.g3 Bd7 4.Bg2 Bc6 5.Nf3 Nf6 6.O-O Be7 7.c4 O-O 8.Nc3 Ne8
9.d3 b6 10.Nd5 Bxd5 11.cxd5 Nd7 12.e4 a5 13.d4 f6 14.Qc2 g5 15.Bh3 Nb8 16.
Rac1 h5 17.Be6+ Kg7 18.Qd2 Rh8 19.dxe5 dxe5 20.Nxe5 fxe5 21.Bxe5+ Bf6 22.
Qxg5+ Kf8 23.Qg6 Qe7 24.Rxc7 Nxc7 25.Bd6 1-0

[Event "Xtracon Chess Open 2018"]
[Site "Elsinore"]
[Date "2018.07.23"]
[Round "4"]
[White "O`Gorman, Alice"]
[Black "Yilmaz, Kazim"]
[Result "1-0"]
[WhiteElo "1898"]
[BlackElo "1669"]
[EventDate "2018.07.21"]
[WhiteFideId "2508214"]
[BlackFideId "1514326"]

1.e4 e5 2.Nf3 Nc6 3.Bc4 Bc5 4.c3 Nf6 5.d3 d6 6.Bb3 O-O 7.O-O Bg4 8.h3 Bh5 
9.Re1 h6 10.Nbd2 Re8 11.Nf1 d5 12.exd5 Nxd5 13.g4 Bg6 14.d4 Bb6 15.dxe5 
Nde7 16.Qxd8 Raxd8 17.Ng3 Rd3 18.Kg2 Na5 19.Bd1 Red8 20.Be2 R3d7 21.c4 Bd3
22.Bxd3 Rxd3 23.b3 Nec6 24.Bb2 Bd4 25.Bxd4 Nxd4 26.Nxd4 R3xd4 27.Re2 Rd1 
28.Rxd1 Rxd1 29.Ne4 b6 30.f4 Nc6 31.Nc3 Rd7 32.Nd5 Ne7 33.Nxe7+ Rxe7 34.f5
g6 35.Kf3 gxf5 36.gxf5 Rd7 37.Ke4 Rd1 38.Re3 Rd2 39.a4 a5 40.Rd3 Re2+ 41.
Kf4 Rf2+ 42.Rf3 Rd2 43.Ke4 Kf8 44.Rd3 Re2+ 45.Kd5 Ke7 46.f6+ Kd7 47.Rg3 
c6+ 48.Kd4 Ke6 49.Rg8 c5+ 50.Kd3 Rxe5 51.Rb8 Kxf6 52.Rxb6+ Re6 53.Rb5 Kg6 
54.Rxc5 f5 55.Rc8 Kg7 56.c5 f4 57.c6 f3 58.c7 f2 59.Rg8+ Kh7 60.Rf8 Rc6 
61.Rxf2 Rxc7 62.Rf5 Ra7 63.Kc4 Rc7+ 64.Rc5 Ra7 65.Kb5 Rb7+ 66.Kxa5 Rxb3 
67.h4 Kg6 68.h5+ Kf6 69.Rb5 Re3 70.Ka6 Re8 71.a5 Ke6 72.Rb6+ Kd7 73.Rxh6 
Kc7 74.Rb6 Ra8+ 75.Kb5 Rh8 76.h6 Rf8 77.Rc6+ Kb7 78.a6+ Ka7 79.Rc7+ Kb8 
80.Kb6 Ka8 81.h7 Rf6+ 82.Rc6 Rf8 83.Rg6 Rb8+ 84.Kc7 Rh8 85.Rg8+ Rxg8 86.
hxg8=Q+ Ka7 87.Qb8+ Kxa6 88.Qb6# 1-0

[Event "Xtracon Chess Open 2018"]
[Site "Elsinore"]
[Date "2018.07.23"]
[Round "4"]
[White "Stuhr, Finn"]
[Black "Unneland, Mathias"]
[Result "0-1"]
[WhiteElo "1695"]
[BlackElo "1896"]
[EventDate "2018.07.21"]
[WhiteFideId "1400789"]
[BlackFideId "1525581"]

1.e4 e6 2.d4 d5 3.e5 c5 4.c3 Nc6 5.Nf3 Qb6 6.Be2 Bd7 7.O-O cxd4 8.cxd4 
Nge7 9.Nc3 Nf5 10.Kh1 Nfxd4 11.Nxd4 Qxd4 12.Qxd4 Nxd4 13.Bd3 a6 14.f4 f5 
15.Na4 Bxa4 0-1

[Event "Xtracon Chess Open 2018"]
[Site "Elsinore"]
[Date "2018.07.23"]
[Round "4"]
[White "Weber, Andreas"]
[Black "Kittilsen, Sigurd"]
[Result "0-1"]
[WhiteElo "1693"]
[BlackElo "1893"]
[EventDate "2018.07.21"]
[WhiteFideId "24652504"]
[BlackFideId "1515624"]

1.e4 c5 2.d4 cxd4 3.c3 g6 4.Nf3 Bg7 5.Bc4 e6 6.O-O Ne7 7.cxd4 d5 8.Bb5+ 
Bd7 9.Bxd7+ Nxd7 10.e5 Qb6 11.a4 Rc8 12.Nc3 a6 13.a5 Qc7 14.Bf4 b5 15.axb6
Qxb6 16.Qd2 h5 17.Na4 Qb5 18.Nc3 Qb6 19.Na4 Qb7 20.Qe2 Nf5 21.Rfc1 O-O 22.
h3 Rxc1+ 23.Bxc1 Rc8 24.g4 hxg4 25.hxg4 Ne7 26.Nc3 Rc4 27.Be3 Nc6 28.g5 
Ndxe5 29.dxe5 Rg4+ 30.Kf1 d4 31.Nxd4 Nxe5 32.f3 Rh4 33.Ra3 Ng4 34.Rb3 Rh1+
35.Kg2 Rh2+ 36.Kf1 Rxe2 37.Kxe2 Qd7 38.fxg4 Bxd4 39.Ne4 Be5 40.Nf6+ Bxf6 
41.gxf6 Qc7 42.Kf3 Qc6+ 43.Kg3 Qd6+ 44.Kf2 Qh2+ 45.Kf3 Qh3+ 46.Kf4 g5+ 47.
Kxg5 Kh7 48.Kf4 Qh2+ 49.Kf3 Qe5 50.Rb6 Qxf6+ 51.Kg3 Qe5+ 52.Kf2 a5 53.g5 
Kg6 54.Ke2 Kf5 55.Rb7 Ke4 56.Rxf7 Qxb2+ 57.Bd2 Qb5+ 58.Kd1 Qb1+ 59.Ke2 
Qb5+ 60.Kd1 Qb3+ 61.Ke2 Qd3+ 62.Kd1 a4 63.Rf4+ Kd5 64.g6 a3 65.g7 a2 66.
Rf5+ Qxf5 67.g8=Q a1=Q+ 68.Ke2 0-1

[Event "Xtracon Chess Open 2018"]
[Site "Elsinore"]
[Date "2018.07.23"]
[Round "4"]
[White "Moller, Arne Vang"]
[Black "Tulliez, Andre"]
[Result "1/2-1/2"]
[WhiteElo "1890"]
[BlackElo "1678"]
[EventDate "2018.07.21"]
[WhiteFideId "1406175"]
[BlackFideId "45107181"]

1.e4 c5 2.b3 d6 3.Bb2 e6 4.Nf3 Nf6 5.d3 Be7 6.Be2 Nc6 7.O-O O-O 8.c3 Qc7 
9.Nbd2 d5 10.Re1 Rd8 11.Qc2 a6 12.a3 b5 13.Bf1 dxe4 14.Nxe4 Nxe4 15.dxe4 
Bb7 16.c4 b4 17.a4 Rd7 18.Rad1 Rad8 19.g3 Rxd1 20.Rxd1 Rxd1 21.Qxd1 Qd6 
22.Qxd6 1/2-1/2

[Event "Xtracon Chess Open 2018"]
[Site "Elsinore"]
[Date "2018.07.23"]
[Round "4"]
[White "Myrheim, Hakon Abeland"]
[Black "Bernstein, Jonas August"]
[Result "1-0"]
[WhiteElo "1888"]
[BlackElo "1661"]
[EventDate "2018.07.21"]
[WhiteFideId "1526820"]
[BlackFideId "1532154"]

1.e4 e6 2.d3 d5 3.Qe2 c5 4.Nf3 Be7 5.g3 Nf6 6.Bg2 Nc6 7.O-O O-O 8.e5 Nd7 
9.c4 d4 10.h4 Re8 11.h5 Bf8 12.Bf4 Rb8 13.g4 Ne7 14.Nbd2 f6 15.exf6 1-0

[Event "Xtracon Chess Open 2018"]
[Site "Elsinore"]
[Date "2018.07.23"]
[Round "4"]
[White "Nielsen, Jorgen Kamp"]
[Black "Smeby, Ole"]
[Result "1/2-1/2"]
[WhiteElo "1674"]
[BlackElo "1887"]
[EventDate "2018.07.21"]
[WhiteFideId "1413279"]
[BlackFideId "1503677"]

1.f4 e5 2.e4 d5 3.exd5 e4 4.Nc3 Nf6 5.Bb5+ Nbd7 6.Nge2 a6 7.Bxd7+ Bxd7 8.
O-O Bc5+ 9.Kh1 Qe7 10.Ng3 O-O-O 11.d3 Bg4 12.Qe1 e3 13.h3 h5 14.Nge4 Nxe4 
15.dxe4 e2 16.Rf2 Bxf2 17.Qxf2 Bd7 18.Qxe2 f6 19.Be3 g5 20.fxg5 fxg5 21.
Bd4 Rh7 22.e5 g4 23.e6 Be8 24.Re1 gxh3 25.gxh3 Qh4 26.Qe3 Bg6 27.Rf1 Re8 
28.Rf4 Qe7 29.Bc5 Qd8 30.Qf2 Rhh8 31.Rf6 Rhg8 32.Qf4 b6 33.d6 cxd6 34.Bxd6
Kb7 35.Nd5 1/2-1/2

[Event "Xtracon Chess Open 2018"]
[Site "Elsinore"]
[Date "2018.07.23"]
[Round "4"]
[White "Warston, Hakan"]
[Black "Undheim, Bjarne"]
[Result "1/2-1/2"]
[WhiteElo "1662"]
[BlackElo "1878"]
[EventDate "2018.07.21"]
[WhiteFideId "1717367"]
[BlackFideId "1506862"]

1.d4 d5 2.c4 Nc6 3.Nc3 dxc4 4.Nf3 Bg4 5.e3 e6 6.Bxc4 Nf6 7.a3 Be7 8.O-O 
O-O 9.Be2 Re8 10.b4 Nd5 11.Bb2 Nxc3 12.Bxc3 Bf8 13.Qc2 Bf5 14.e4 Bg6 15.
Rad1 Ne7 16.Bd3 Bh5 17.Be2 c6 18.Ne5 Bxe2 19.Qxe2 Qc7 20.f4 f6 21.Nc4 Ng6 
22.Qg4 Qf7 23.Ne3 Ne7 24.Nc4 Red8 25.Ne3 Rd7 26.Rd3 Rad8 27.Rfd1 g6 28.Qh4
Bg7 29.Ng4 f5 30.exf5 exf5 31.Ne5 Bxe5 32.fxe5 Nd5 33.Bd2 Re8 34.Bg5 Re6 
35.Rf3 h5 36.Qf2 Kg7 37.Qd2 Kh7 38.h4 Nb6 39.Qc2 Nd5 40.Qd2 Qf8 41.Qc1 Qa8
42.Rb3 a6 43.Qc4 1/2-1/2

[Event "Xtracon Chess Open 2018"]
[Site "Elsinore"]
[Date "2018.07.23"]
[Round "4"]
[White "Knudsen, Jan"]
[Black "Hansen, Verner"]
[Result "1/2-1/2"]
[WhiteElo "1659"]
[BlackElo "1876"]
[EventDate "2018.07.21"]
[WhiteFideId "1460803"]
[BlackFideId "1425285"]

1.e4 e5 2.f4 d5 3.exd5 e4 4.Nc3 Nf6 5.d3 Bb4 6.Bd2 exd3 7.Bxd3 O-O 8.Qf3 
Bg4 9.Qf2 Re8+ 10.Nge2 Nxd5 11.O-O Nd7 12.h3 Bxe2 13.Nxd5 Bxd2 14.Bxe2 Nb6
15.Bf3 Ba5 16.Qc5 Nxd5 17.Qxd5 Bb6+ 18.Kh1 c6 19.Qxd8 Raxd8 20.Rad1 Kf8 
21.Rxd8 Rxd8 22.Rd1 Ke7 23.Rxd8 Kxd8 24.g4 Ke7 25.Kg2 Kf6 26.Be4 Bc7 27.
Kf3 h6 28.Bf5 g5 29.fxg5+ Kxg5 30.Bc8 b6 31.Bd7 c5 32.c4 Kf6 33.Ke4 Ke7 
34.Bf5 Kd6 35.Bc8 Bd8 36.b3 Bg5 37.Bf5 Kc6 38.a4 Kd6 39.Bc8 1/2-1/2

[Event "Xtracon Chess Open 2018"]
[Site "Elsinore"]
[Date "2018.07.23"]
[Round "4"]
[White "Oland, Arne"]
[Black "Langvik, Ulrikke"]
[Result "0-1"]
[WhiteElo "1875"]
[BlackElo "1640"]
[EventDate "2018.07.21"]
[WhiteFideId "1422081"]
[BlackFideId "1517910"]

1.f4 e5 2.fxe5 d6 3.g3 dxe5 4.Bg2 Nf6 5.Nc3 h5 6.d3 h4 7.Bg5 hxg3 8.hxg3 
Rxh1 9.Bxh1 Qd4 10.e3 Qb6 11.Na4 Qb4+ 12.c3 Qg4 13.Bh4 Qxd1+ 14.Rxd1 Ng4 
15.d4 f6 16.dxe5 g5 17.exf6 gxh4 18.gxh4 c6 19.b4 Nxf6 20.e4 Be6 21.Nc5 
Bxc5 22.bxc5 Bxa2 23.Rd6 Nbd7 24.e5 Nd5 25.Nf3 Nxc5 26.h5 Ke7 27.Rg6 Nf4 
28.Rg7+ Kf8 29.h6 Rd8 30.Rg4 Ncd3+ 31.Kf1 Ne6 32.h7 Kf7 33.Ng5+ Nxg5 34.
Rxg5 Nc5 35.Bf3 Rh8 36.Bh5+ Ke6 37.Bg4+ Kd5 38.Bf5 Bc4+ 39.Kg1 Kxe5 40.
Bc2+ Kd6 41.Rg7 a5 42.Rg6+ Be6 43.Rg7 a4 44.Rg3 a3 45.c4 a2 46.Ra3 Bxc4 
47.Kf2 b5 48.Ke3 b4 49.Ra7 b3 0-1

[Event "Xtracon Chess Open 2018"]
[Site "Elsinore"]
[Date "2018.07.23"]
[Round "4"]
[White "Nordin, Eric"]
[Black "Finnsson, Eli W."]
[Result "1-0"]
[WhiteElo "1872"]
[BlackElo "1606"]
[EventDate "2018.07.21"]
[WhiteFideId "1711822"]
[BlackFideId "7201451"]

1.e4 c5 2.Nc3 e6 3.f4 d6 4.Nf3 Nf6 5.Bb5+ Nbd7 6.O-O a6 7.Bxd7+ Bxd7 8.d3 
Be7 9.e5 Nd5 10.Ne4 Qc7 11.c3 O-O 12.Qe1 f5 13.exd6 Bxd6 14.Nxd6 Qxd6 15.
Ne5 Rad8 16.Bd2 Bc8 17.Rd1 b6 18.Rf3 Bb7 19.Rg3 Nf6 20.c4 b5 21.b3 b4 22.
Bc1 Ne4 23.Rh3 Nc3 24.Rd2 Rf6 25.Rg3 a5 26.Rg5 a4 27.Qg3 g6 28.h4 Qd4+ 29.
Kh2 Kf8 30.h5 Ke7 31.Rf2 axb3 32.axb3 Rg8 33.Be3 Qd6 34.hxg6 h6 35.Rh5 Nd1
36.Rxh6 Nxf2 37.Rh7+ Ke8 38.Qxf2 Rfxg6 39.Nxg6 Rxg6 40.Rxb7 Qxd3 41.Qh4 
Rxg2+ 42.Kxg2 Qe4+ 43.Kh2 Qxb7 44.Qh8+ 1-0

[Event "Xtracon Chess Open 2018"]
[Site "Elsinore"]
[Date "2018.07.23"]
[Round "4"]
[White "Nielsen, Leo Kresten Roland"]
[Black "Rasmussen, Henrik Egede"]
[Result "0-1"]
[WhiteElo "1653"]
[BlackElo "1871"]
[EventDate "2018.07.21"]
[WhiteFideId "1426095"]
[BlackFideId "1417800"]

1.e4 d6 2.Nf3 g6 3.Bc4 Bg7 4.O-O a6 5.a4 e6 6.Re1 Nd7 7.c3 Ne7 8.Ng5 Ne5 
9.Qb3 Nxc4 10.Qxc4 O-O 11.d4 h6 12.Nf3 Qd7 13.d5 e5 14.Qd3 f5 15.Nbd2 f4 
16.b3 g5 17.h3 g4 18.hxg4 Qxg4 19.Nh2 Qg6 20.Ndf3 Bf6 21.Qc4 Kh8 22.Kh1 
Rg8 23.Rg1 Bg4 24.Nxg4 Qxg4 25.Nh2 Qh5 26.Ra2 Rg7 27.Qe2 Qh4 28.Qf3 Rg3 
29.fxg3 fxg3 30.Qxf6+ Qxf6 31.Nf3 Qg6 32.Re1 Qh5+ 33.Kg1 Ng6 34.Kf1 Qh1+ 
35.Ke2 Qxg2+ 36.Ke3 Qxa2 37.Rh1 Qf2+ 0-1

[Event "Xtracon Chess Open 2018"]
[Site "Elsinore"]
[Date "2018.07.23"]
[Round "4"]
[White "Petersen, Jan"]
[Black "Naesborg, Jens-Ole"]
[Result "0-1"]
[WhiteElo "1647"]
[BlackElo "1866"]
[EventDate "2018.07.21"]
[WhiteFideId "1426320"]
[BlackFideId "1443577"]

1.d4 Nf6 2.c4 e5 3.dxe5 Ng4 4.Bf4 Nc6 5.Nf3 Bb4+ 6.Nbd2 Qe7 7.e3 Ngxe5 8.
Nxe5 Nxe5 9.Be2 a5 10.O-O Bxd2 11.Qxd2 O-O 12.Rfd1 d6 13.Rac1 b6 14.Qd4 f6
15.Qe4 Rb8 16.Bg3 Bb7 17.Qh4 Ng6 18.Qd4 Rbe8 19.Bd3 f5 20.Bb1 Qg5 21.f4 
Qg4 22.Bd3 h5 23.Rd2 h4 24.Be2 Re4 25.Qc3 hxg3 26.Bxg4 gxh2+ 27.Kxh2 fxg4 
28.Rd4 Re7 29.Kg3 Rfe8 30.Re1 Kf7 31.Rd2 Re4 32.Rf2 Kg8 33.b3 Ne7 34.Rff1 
Nf5+ 35.Kxg4 Nxe3+ 36.Rxe3 Rxe3 37.Qc1 Bc8+ 38.f5 g6 39.Kf4 R8e4+ 40.Kg5 
Bxf5 41.Rxf5 gxf5 42.Kxf5 Re5+ 43.Kf4 Re2 44.g4 Rxa2 45.Qb1 Rf2+ 46.Kg3 
Rf6 47.Qb2 Kg7 48.Qd4 Kh7 49.Qd3+ Rg6 50.Kf4 Rg5 51.Qh3+ Kg8 52.Qe3 Rxg4+ 
53.Kf5 R4g5+ 54.Kf4 Re5 55.Qd3 Kg7 56.Qh3 Rf6+ 57.Kg4 Rff5 58.Qh1 d5 59.
cxd5 Rxd5 60.Qe4 Rg5+ 61.Kf4 Rdf5+ 0-1

[Event "Xtracon Chess Open 2018"]
[Site "Elsinore"]
[Date "2018.07.23"]
[Round "4"]
[White "Sandberg, Martin"]
[Black "Emborg, Jens"]
[Result "1-0"]
[WhiteElo "1865"]
[BlackElo "1545"]
[EventDate "2018.07.21"]
[WhiteFideId "1707159"]
[BlackFideId "1437534"]

1.d4 d5 2.c4 e6 3.Nf3 Nf6 4.g3 c5 5.cxd5 exd5 6.Bg2 Be6 7.O-O Nc6 8.Nc3 
Be7 9.dxc5 Bxc5 10.Ng5 O-O 11.Bf4 Bd6 12.Bxd6 Qxd6 13.Nb5 Qe7 14.e3 a6 15.
Nd4 Nxd4 16.Qxd4 Rac8 17.Rac1 Rc6 18.Rxc6 bxc6 19.Rc1 Qc7 20.b4 Rc8 21.a4 
Nd7 22.Qd3 g6 23.Qxa6 Nb6 24.Qd3 Nxa4 25.b5 Nb2 26.Qd4 Nc4 27.Qh4 h5 28.
Nxe6 fxe6 29.bxc6 Qf7 30.Qd4 Rxc6 31.e4 Ne5 32.Rb1 Qc7 33.Rd1 Rc4 34.Qa1 
d4 35.Qa8+ Kg7 36.Ra1 Rc1+ 37.Rxc1 Qxc1+ 38.Bf1 d3 39.Qa7+ Kh6 40.Qb8 d2 
41.Qh8+ Kg5 42.Qxe5+ Kh6 43.h4 Qxf1+ 44.Kxf1 d1=Q+ 45.Kg2 Qd7 46.Qh8+ Qh7 
47.Qxh7+ Kxh7 48.f4 e5 49.fxe5 Kg7 50.Kf3 Kf7 51.Kf4 1-0

[Event "Xtracon Chess Open 2018"]
[Site "Elsinore"]
[Date "2018.07.23"]
[Round "4"]
[White "Tenold, Andreas"]
[Black "Gaure, Sigurd Lauvas"]
[Result "1-0"]
[WhiteElo "1865"]
[BlackElo "1535"]
[EventDate "2018.07.21"]
[WhiteFideId "1525840"]
[BlackFideId "1524933"]

1.d4 Nf6 2.c4 g6 3.f3 d5 4.cxd5 Nxd5 5.e4 Nb6 6.Nc3 Bg7 7.Be3 O-O 8.Qd2 
Re8 9.O-O-O Nc6 10.Bb5 Bd7 11.Bxc6 Bxc6 12.Qd3 a6 13.Kb1 e5 14.d5 Bd7 15.
Nge2 f5 16.h4 Qf6 17.d6 Rac8 18.dxc7 Rxc7 19.Bxb6 Qxb6 20.Nd5 Bb5 21.Qb3 
1-0

[Event "Xtracon Chess Open 2018"]
[Site "Elsinore"]
[Date "2018.07.23"]
[Round "4"]
[White "Lunde, Sigmund"]
[Black "O`gorman, Brian"]
[Result "1-0"]
[WhiteElo "1863"]
[BlackElo "1514"]
[EventDate "2018.07.21"]
[WhiteFideId "1511351"]
[BlackFideId "2509601"]

1.e4 c6 2.d4 d5 3.Nc3 dxe4 4.Nxe4 Bf5 5.Ng3 Bg6 6.Nf3 Nd7 7.c3 Qc7 8.h4 h6
9.Bd3 Bxd3 10.Qxd3 e6 11.Ne2 Bd6 12.g4 h5 13.g5 Ne7 14.Qe4 Ng6 15.Be3 
O-O-O 16.O-O-O Rde8 17.Nd2 Nb6 18.Qf3 Nd5 19.Ne4 Bf4 20.c4 Bxe3+ 21.fxe3 
Nb6 22.c5 Nd5 23.Nd6+ Kb8 24.Nxe8 Rxe8 25.Rdf1 Re7 26.Qe4 a6 27.a3 Qa5 28.
Qd3 e5 29.Qd2 Qb5 30.Nc3 Qc4 31.Kb1 e4 32.Rf5 Ka7 33.Nxd5 cxd5 34.Qc2 Qd3 
35.Qxd3 exd3 36.Kc1 Rxe3 37.Kd2 Rg3 38.Rxf7 Rg2+ 39.Kxd3 Rxb2 40.Rxg7 Nf4+
41.Kc3 Re2 42.Rb1 a5 43.Rgxb7+ Ka8 44.Rb8+ Ka7 45.R1b7+ Ka6 46.c6 Re3+ 47.
Kd2 1-0

[Event "Xtracon Chess Open 2018"]
[Site "Elsinore"]
[Date "2018.07.23"]
[Round "4"]
[White "Berg, Margar M."]
[Black "Jensen, Jonbert M. S."]
[Result "1-0"]
[WhiteElo "1859"]
[BlackElo "1481"]
[EventDate "2018.07.21"]
[WhiteFideId "7200021"]
[BlackFideId "1435914"]

1.d4 d5 2.Bg5 Nf6 3.Nf3 Nbd7 4.c4 c6 5.Nc3 Ne4 6.e3 Nxg5 7.Nxg5 e6 8.Nf3 
Bd6 9.Bd3 O-O 10.Qc2 g6 11.h4 dxc4 12.Bxc4 Bb4 13.h5 Qf6 14.O-O-O Bxc3 15.
bxc3 b6 16.Rh3 a5 17.hxg6 fxg6 18.Rdh1 Rf7 19.Ng5 Qxf2 20.Bxe6 Qxc2+ 21.
Kxc2 Nf6 22.Bxf7+ Kg7 23.Be6 Bb7 24.Rxh7+ Nxh7 25.Rxh7+ Kf6 26.Rxb7 Kxg5 
27.Rxb6 1-0